Statistics for The Voice Coaches - U.S.

Click here to take the quiz!

General Stats

  • This quiz has been taken 97 times
    (65 since last reset)
  • The average score is 9 of 11

Answer Stats

Season Number(s) They CoachedCoach/Judges' Name% Correct
1-13Adam Levine
94%
1-13Blake Shelton
88%
4,6Shakira
86%
1-3,5,8,10Christina Aguilera
82%
4,6Usher
82%
11,12Alicia Keys
78%
11,13Miley Cyrus
78%
7-10Pharrell Williams
78%
1-3,5CeeLo Green
75%
7,9,12Gwen Stefani
75%
13Jennifer Hudson
67%

Score Distribution

Percentile by Number Answered

Percent of People with Each Score

Your Score History

You have not taken this quiz since the last reset